000 00549nam a2200193Ia 4500
999 _c10179
_d10179
003 OSt
005 20191219115208.0
008 190216s9999||||xx |||||||||||||| ||und||
020 _a8120408497
040 _coclc
082 _a337
_bVAI/I
100 _aVaish, M C
_9550
245 0 _aInternational Economics /
_cM C Vaish ; Sudama Singh
250 _a6th ed.
260 _bOxford And Ibh Publishing Co. Pvt Ltd,
_c1993.
_aNew Delhi:
300 _a464p
650 _aEconomics
942 _cBK
_2ddc
_h337
_iVAI/I
_k337
_mVAI/I